000 00537cam a2200145 4500500
005 20260111093707.0
041 _afre
042 _adc
100 1 0 _aArnould, Paul
_eauthor
245 0 0 _aPhilippe Simonnot, Le brun et vert. Quand les nazis étaient écologistes, Les éditions du Cerf, 2022, 229 pages, 19 €
260 _c2023.
500 _a76
786 0 _nLa Géographie | 1590 | 3 | 2023-09-01 | p. 54n-64n | 1964-9002
856 4 1 _uhttps://shs.cairn.info/revue-la-geographie-2023-3-page-54n?lang=fr&redirect-ssocas=7080
999 _c1627004
_d1627004